| 000 | 00824cam a2200277 4500 | ||
|---|---|---|---|
| 001 | ABS64646 | ||
| 008 | 011030n2001 000 0 eng u | ||
| 035 | _a(Sirsi) u115401 | ||
| 245 | _aRegional survey: Somerset, Devon and Cornwall | ||
| 260 | _c2001 | ||
| 490 |
_aProperty Week _v66(41) 12 October 2001, 91-98(6) |
||
| 590 | _aABS | ||
| 650 | _aSOMERSET | ||
| 650 | _aDEVON | ||
| 650 | _aCORNWALL | ||
| 650 | _aPROPERTY-COMMERCIAL PROPERTY-OFFICE PROPERTY-OFFICE PROPERTY MARKET | ||
| 650 | _aPROPERTY-COMMERCIAL PROPERTY-RETAIL PROPERTY-RETAIL PROPERTY MARKET | ||
| 650 | _aINDUSTRIAL MARKET | ||
| 650 | _aPLYMOUTH | ||
| 650 | _aEXETER | ||
| 650 | _aBRIDGWATER | ||
| 650 | _aRELOCATION | ||
| 650 | _aRENTAL VALUES | ||
| 690 | _aPROPERTY-COMMERCIAL PROPERTY-COMMERCIAL PROPERTY MARKET | ||
| 942 | _n0 | ||
| 999 |
_c68723 _d68723 |
||